000 00437nam a2200181Ia 4500
001 1995
005 20260306143809.0
008 260306t2017||||xx |||||||||||||| ||spa||
041 _aESP
082 _a610.0019
_bA54 2017
100 _aAmigo Vázquez, Isaac
_eAUT
245 0 _aManual de psicología de la salud
260 _c2017
300 _a262 páginas :
_c24 cm.
650 _aGEN
654 _aCPS
942 _cLIB
_dJUS
_fJUS
_2ddc
_n
999 _c1995
_d1995